000 00570nam a2200181Ia 4500
005 20250508150541.0
008 008 250505s9999 xx 000 0 eng d
037 _aTextual
040 _aFEDL
_beng
_cFEDL
041 _aeng
_2eng
084 _a153.92, PRI
_qFEDL
245 0 _aReport of and expert commitee on the work of psychologists and psychiatrists in the serveces
245 0 _cPrivy Council Office
260 _aLondon, UK
_bHis Majesty's Stationery Office
_c1947
300 _a94p
942 _cTEXL
_h153.92, PRI
999 _c1324211
_d1324211